03457cam a22003498i 450000100090000000300040000900500170001300800410003001000170007102000300008802000310011802000260014904000230017504200080019805000220020608200350022824500410026326300090030426400840031330000140039733600260041133700280043733800270046549000370049250400510052950512270058052010100180761000360281770000360285370000280288977601900291722818870OSt20230704112610.0221012s2023 enk b 001 0 eng  a 2022049147 a9781108487252q(hardback) a9781108732840q(paperback) z9781108766241q(epub) aDLCbengerdacDLC apcc00aKZ6275b.C36 202300a341.5/52223/eng/20230105bUSA04athe International Court of Justice / a2301 1aCambridge, United Kingdom ;aNew York, NY :bCambridge University Press,c2023. apages cm. atextbtxt2rdacontent aunmediatedbn2rdamedia avolumebnc2rdacarrier0 aCCLW Cambridge companions to law aIncludes bibliographical references and index.0 aThe functions of the International Court of Justice / Judge James Crawford, Freya Baetens, and Rose Cameron -- The role of an International Court of Justice / Judge Sir Kenneth Keith -- The institutional context of the International Court of Justice / Tom Ginsburg -- Assessing the effectiveness of the International Court of Justice / Rotem Giladi and Yuval Shany -- Provisional measures / Kolb -- The International Court of Justice as the master of the sources / Jean D'Aspremont -- Fact finding and expert evidence / James Devaney -- The ICJ and other courts and tribunals : integration and fragmentation / Philippa Webb -- The working practices of the court / Callista Harris -- Procedure in contentious cases : evolution and innovation / Kate Parlett and Amy Sanders -- Effective advocacy at the ICJ / Samuel Wordsworth and Kate Parlett -- The law of treaties / Antonio Remiro Brotóns -- Territorial disputes / Marcelo G Kohen and Mamadou Hébié -- Law of the sea / Nilufer Oral -- International environmental law / Daniel Bodansky -- The law of state responsibility / Federica Paddeu -- The use of force / Alejandro Chehtman -- International organizations law / Jan Klabbers -- Human rights / Carlos Espósito. a"As international law has become more present in global policy-making, the International Court of Justice (ICJ) has come to occupy an essential and increasingly visible role in international relations. This collection explores substantive developments within the ICJ and offers critical perspectives on its historical and contemporary role. It also examines the growing role of the ICJ in the settlement of international disputes and assesses the impact of the ICJ's jurisprudence on the major areas of international law, from the territorial delimitation to human rights. With contributions from a diverse range of scholars and practitioners, the collection's contents combine a legal perspective with institutional and sociological insights on the functions of the ICJ. By considering the ICJ's character, jurisdiction, and effectiveness, this collection offers a varied and holistic account of the ICJ, an institution whose significance and influence only increase by the day"--cProvided by publisher.20aInternational Court of Justice.1 aEspósito, Carlos D.,eeditor.1 aParlett, Kate,eeditor.08iOnline version:tCambridge companion to the international court of justice.dCambridge, United Kingdom ; New York, NY : Cambridge University Press, 2023z9781108766241w(DLC) 2022049148